书目信息 |
| 题名: |
口译教程
|
|
| 作者: | 雷天放 , 陈菁 主编 | |
| 分册: | 学生用书 | |
| 出版信息: | 上海 上海外语教育出版社 2006.06 |
|
| 页数: | 314页 | |
| 开本: | 26cm | |
| 丛书名: | 普通高等教育"十五"国家级规划教材 | |
| 单 册: | ||
| 中图分类: | H315.9 | |
| 科图分类: | ||
| 主题词: | 英语--ying yu--口译--高等学校--教材 | |
| 电子资源: | ||
| ISBN: | 7-81095-935-2 | |
| 000 | 01211nam 2200301 450 | |
| 001 | 012006974151 | |
| 005 | 20060805112527.25 | |
| 010 | @a7-81095-935-2@dCNY39.90 (附光盘) | |
| 100 | @a20060805d2006 km y0chiy0120 ea | |
| 101 | 0 | @achi@aeng |
| 102 | @aCN@b310000 | |
| 105 | @ay z 000yy | |
| 106 | @ar | |
| 200 | 1 | @a口译教程@Akou yi jiao cheng@i学生用书@f雷天放, 陈菁主编@Flei tian fang,chen jing zhu bian |
| 210 | @a上海@c上海外语教育出版社@d2006.06 | |
| 215 | @a314页@d26cm@e光盘1片 | |
| 225 | 2 | @a普通高等教育"十五"国家级规划教材@Apu tong gao deng jiao yu"shi wu"guo jia ji gui hua jiao cai |
| 300 | @a新世纪高等院校英语专业本科生系列教材 | |
| 307 | @a光盘 ISBN : 7-900681-35-3 | |
| 330 | @a本书内容包括:听取信息、逻辑分析、提高口译记忆率、口译笔记系统的设计、理解中的应对技巧等;本书为供高校英语专业本科生使用的口译教材,学生用书包括理论与技巧、技巧训练、口译练习等。 | |
| 410 | 0 | @12001 @a普通高等教育"十五"国家级规划教材 |
| 517 | 1 | @a学生用书@Axue sheng yong shu |
| 606 | 0 | @a英语@Aying yu@x口译@x高等学校@j教材 |
| 690 | @aH315.9@v4 | |
| 701 | 0 | @a雷天放@Alei tian fang@4主编 |
| 701 | 0 | @a陈菁@Achen jing@4主编 |
| 801 | 0 | @aCN@bQSSK@c20060805 |
| 905 | @b599692-94@dH315.9@eL079 | |
| 口译教程.学生用书/雷天放, 陈菁主编.-上海:上海外语教育出版社,2006.06 |
| 314页;26cm+光盘1片.-(普通高等教育"十五"国家级规划教材) |
| 新世纪高等院校英语专业本科生系列教材 |
| ISBN 7-81095-935-2:CNY39.90 (附光盘) |
| 本书内容包括:听取信息、逻辑分析、提高口译记忆率、口译笔记系统的设计、理解中的应对技巧等;本书为供高校英语专业本科生使用的口译教材,学生用书包括理论与技巧、技巧训练、口译练习等。 |
| ● |
| 相关链接 |
|
|
|
正题名:口译教程
索取号:H315.9/L079
 
预约/预借
| 序号 | 登录号 | 条形码 | 馆藏地/架位号 | 状态 | 备注 |
| 1 | 599692 | 205996920 | 语言库209/209语言库 39排1列6层/ [索取号:H315.9/L079] | 在馆 | |
| 2 | 599693 | 205996939 | 语言库209/209语言库 39排1列6层/ [索取号:H315.9/L079] | 在馆 | |
| 3 | 599694 | 205996948 | 语言库209/209语言库 39排1列6层/ [索取号:H315.9/L079] | 在馆 |